000 00386 a2200169 4500
001 191622
020 _a978-85-16-06655-0
040 _cMagnum
100 _aRocha, Ruth
240 1 0 _aJoão e o pé de feijão
_lpor
245 1 0 _aJoão e o pé de feijão
300 _a29
362 0 _a2010
440 1 _aModerna
697 _aLITERATURA INFANTO-JUVENIL ESTRANGEIRA
942 _cBK
999 _c191622
_d191622